| 000 | 00000nam##2200000za#4500 |
| 001 | 9.576019 |
| 003 | CaOODSP |
| 005 | 20210624184937 |
| 007 | cr ||||||||||| |
| 008 | 150406|1995||||xxc|||||o f|0| 0 eng|d |
| 040 | |aCaOODSP|beng |
| 043 | |an-cn--- |
| 086 | 1 |aRH63-3/1-1995E-PDF |
| 110 | 1 |aCanada. |bHuman Resources Development Canada. |
| 245 | 10|aEvaluation of the Student Work and Service Program (SWASP) - Newfoundland and Labrador : |h[electronic resource]|bfinal report / |cprepared for Strategic Initiatives Evaluation Committee, Human Resources Development Canada and Province of Newfoundland and Labrador. |
| 246 | 1 |aStudent Work and Service Program (SWASP) - Newfoundland and Labrador |
| 260 | |aOttawa - Ontario : |bHuman Resources Development Canada |cAugust 1995. |
| 300 | |a88p.|btables |
| 490 | 1 |aStrategic initiatives evaluation |
| 590 | |a13-06-Supp|b2013-03-19 |
| 775 | 08|tÉvaluation du programme Travail et services pour les étudiant - Terre-Neuve et Labrador : |w(CaOODSP)9.605381 |
| 830 | #0|aStrategic initiatives evaluation.|w(CaOODSP)9.507429 |
| 856 | 40|ahttp://publications.gc.ca|qPDF|s566 KB|uhttps://publications.gc.ca/collections/collection_2013/rhdcc-hrsdc/RH63-3-1-1995-eng.pdf |